Essentials of bioinformatics/ (Record no. 51301)

MARC details
000 -LEADER
fixed length control field 00449nam a22001577a 4500
003 - CONTROL NUMBER IDENTIFIER
control field OSt
008 - FIXED-LENGTH DATA ELEMENTS--GENERAL INFORMATION
fixed length control field 260603b |||||||| |||| 00| 0 eng d
020 ## - INTERNATIONAL STANDARD BOOK NUMBER
International Standard Book Number 9780521706100
082 ## - DEWEY DECIMAL CLASSIFICATION NUMBER
Classification number 570.285
Item number X66E
100 ## - MAIN ENTRY--PERSONAL NAME
Personal name Xiong, Jin
245 ## - TITLE STATEMENT
Title Essentials of bioinformatics/
Remainder of title by Jin Xiong
260 ## - PUBLICATION, DISTRIBUTION, ETC. (IMPRINT)
Place of publication, distribution, etc New Delhi:
Name of publisher, distributor, etc Cambridge University Press
Date of publication, distribution, etc 2006.
300 ## - PHYSICAL DESCRIPTION
Extent xi, 339 p.
650 ## - SUBJECT ADDED ENTRY--TOPICAL TERM
Topical term or geographic name as entry element Biology | Biochemical genetics | Boi-nformatics
942 ## - ADDED ENTRY ELEMENTS (KOHA)
Source of classification or shelving scheme
Koha item type Books
Holdings
Withdrawn status Lost status Source of classification or shelving scheme Damaged status Not for loan Home library Current library Shelving location Date acquired Source of acquisition Cost, normal purchase price Total Checkouts Full call number Barcode Date last seen Bill Date Koha item type Bill Number
          Dr. Rajendra Prasad Central Agricultural University Pusa, Dr. Rajendra Prasad Central Agricultural University Pusa, General Stacks 03/06/2026 Delight Book Agency 895.00   570.285 X66E 87292 03/06/2026 29/01/2026 Books Bill No. DBS/0262025-2026
Hosted, Implemented, Customized & Maintained by: BestBookBuddies

Powered by Koha